000 00259nam a22001217a 4500
008 170127b xxu||||| |||| 00| 0 eng d
041 _aeng
080 _a61
100 _a3
101 _aSHM
245 _aUSMLE STEP 1 MINIQBOOK
_cMANLEY, M.S
942 _2udc
_cBK
999 _c3911
_d3911